Marta, la piadosa

Сохранить в:
Библиографические подробности
Главный автор: Tirso de Molina (autor)
Формат:
Язык:испанский
Опубликовано: Santiago Zig-Zag 1956
Серии:Biblioteca Zig-Zag
Предметы:
Метки: Добавить метку
Нет меток, Требуется 1-ая метка записи!

MARC

LEADER 00000nam a2200000 a 4500
001 UCZ6189
003 CL-VaPUC
005 20241121151340.0
008 951201e19560000CL |||||||||||||||||spa|d
999 |c 242437  |d 242435 
040 |c Pontificia Universidad Católica de Valparaíso 
082 0 4 |a 862  |b TIR  |2 21 
100 |a Tirso de Molina  |e autor  |9 866712 
245 1 0 |a Marta, la piadosa 
260 |a Santiago  |b Zig-Zag  |c 1956 
300 |a 168 p 
490 0 |a Biblioteca Zig-Zag 
583 |a last modification  |c 19951201 00:00:00  |k Rodrigo Vera 
650 0 |a Dramas españoles  |9 267081 
650 0 |a Teatro español  |9 265077 
650 0 |a Literatura española  |9 306261 
942 |c BK  |2 ddc 
945 |d 19951201 00:00:00  |a cmena 
952 |0 0  |1 0  |4 0  |6 862_000000000000000_TIR_1956  |7 0  |8 A  |9 255408  |a BIBEDU  |b BIBEDU  |d 2019-11-19  |i 1601326  |o 862 TIR 1956  |p 1601326  |r 2019-11-19  |w 2019-11-19  |y BK  |k EDU 
952 |0 0  |1 0  |4 0  |6 862_000000000000000_TIR_1956  |7 0  |8 A  |9 255409  |a BIBEDU  |b BIBEDU  |d 2019-11-19  |i 1436252  |o 862 TIR 1956  |p 1436252  |r 2019-11-19  |w 2019-11-19  |y BK  |k LIT 
952 |0 0  |1 0  |4 0  |6 862_000000000000000_TIR_1956  |7 0  |8 A  |9 255410  |a BIBEDU  |b BIBEDU  |d 2019-11-19  |i 1450689  |o 862 TIR 1956  |p 1450689  |r 2019-11-19  |w 2019-11-19  |y BK  |k LIT